[Event "Michigan HS Team Reserve"]
[Site "Detroit, MI"]
[Date "2003.02.15"]
[Round "1"]
[White "Jones, Cedric"]
[Black "Brown, Ben"]
[Result "1/2-1/2"]
[WhiteElo "967"]
[BlackElo "855"]
[PlyCount "108"]
[EventDate "2003.02.15"]

1. e4 e5 2. Nf3 Nc6 3. d4 d6 4. dxe5 dxe5 5. Qxd8+ Kxd8 6. Bb5 Nd4 7. Nxd4 exd4
8. O-O a6 9. Bc4 Be6 10. Rd1 Bc5 11. Bxe6 fxe6 12. Be3 e5 13. c3 Kc8 14. cxd4
exd4 15. Bxd4 Bxd4 16. Rxd4 b6 17. Nc3 Ne7 18. Rad1 Nc6 19. Rd5 Kb7 20. Rd7 g5
21. Nd5 Rac8 22. Rd3 g4 23. Rb3 b5 24. a4 Nd4 25. Rb4 Kc6 26. Rxd4 Kxd7 27.
Nb6+ Kc6 28. Nxc8 Rxc8 29. axb5+ axb5 30. e5 Re8 31. Rxg4 Rxe5 32. f4 Re2 33.
b4 Re4 34. Rh4 Rxb4 35. Rh6+ Kd5 36. f5 Ke4 37. h3 Rb1+ 38. Kh2 b4 39. Rxh7 b3
40. Rxc7 b2 41. Rb7 Kd3 42. f6 Kc2 43. f7 Rf1 44. Rc7+ Kd3 45. Rd7+ Kc4 46.
Rc7+ Kd5 47. Rb7 b1=Q 48. f8=Q Rh1+ 49. Kg3 Qe1+ 50. Kg4 Qe6+ 51. Qf5+ Qxf5+
52. Kxf5 Rh2 53. g4 Rxh3 54. Rb5+ Kd6 1/2-1/2

[Event "Michigan HS Team"]
[Site "Detroit, MI"]
[Date "2003.02.15"]
[Round "2"]
[White "Hershberger, Kent"]
[Black "Wilder, Derek"]
[Result "1-0"]
[WhiteElo "1615"]
[BlackElo "1501"]
[PlyCount "55"]
[EventDate "2003.02.15"]

1. e4 c5 2. Nf3 d6 3. d4 cxd4 4. Nxd4 Nf6 5. Nc3 a6 6. Bc4 e6 7. Be3 Be7 8. O-O
Nbd7 9. f4 Qc7 10. Bd3 b5 11. Qf3 Bb7 12. Qg3 O-O 13. Nf3 b4 14. e5 bxc3 15.
exf6 Bxf6 16. bxc3 Bxc3 17. Rab1 Nc5 18. Bxh7+ Kh8 19. Qh3 g6 20. Bxg6+ Kg7 21.
Qh7+ Kf6 22. f5 Ne4 23. Qh4+ Kg7 24. Qh7+ Kf6 25. fxe6 Rh8 26. Ng5+ Ke5 27.
Nxf7+ Kd5 28. Bxe4+ 1-0

[Event "Michigan HS Team"]
[Site "Detroit, MI"]
[Date "2003.02.15"]
[Round "4"]
[White "Hershberger, Kent"]
[Black "Samuel, Roland"]
[Result "1-0"]
[WhiteElo "1615"]
[BlackElo "1535"]
[PlyCount "56"]
[EventDate "2003.02.15"]

1. e4 c5 2. Nf3 d6 3. d4 cxd4 4. Nxd4 Nf6 5. Nc3 a6 6. Bd3 e6 7. Be3 Be7 8. O-O
O-O 9. f4 Nc6 10. Nxc6 bxc6 11. e5 Nd5 12. Nxd5 cxd5 13. Qh5 g6 14. Qh6 Re8 15.
Qh3 dxe5 16. fxe5 Bf8 17. Rf3 Qc7 18. Raf1 Re7 19. Kh1 Qxe5 20. Bc5 Rc7 21.
Bxf8 Kxf8 22. Qxh7 Qg7 23. Qxg6 e5 24. Qd6+ Re7 25. Rxf7+ Qxf7 26. Rxf7+ Kxf7
27. Qxd5+ Kf6 28. Qxa8 Bb7 1-0

[Event "Michigan HS Team"]
[Site "Detroit, MI"]
[Date "2003.02.15"]
[Round "1"]
[White "Ghazal-Tokk, Husameddin"]
[Black "Bohland, Jonathan"]
[Result "1-0"]
[WhiteElo "1354"]
[BlackElo "1347"]
[PlyCount "87"]
[EventDate "2003.02.15"]

1. e4 c5 2. Nf3 Nc6 3. c4 d6 4. Nc3 g6 5. d3 Bg7 6. Be3 Nf6 7. Be2 O-O 8. O-O
Ng4 9. h3 Nxe3 10. fxe3 Bd7 11. Qd2 a6 12. d4 Rb8 13. d5 Ne5 14. a4 Qc8 15.
Nxe5 Bxe5 16. Rf3 Qc7 17. Bd3 Qa5 18. Raf1 b5 19. axb5 axb5 20. Qf2 Bxc3 21.
bxc3 f6 22. e5 Qxc3 23. exd6 exd6 24. e4 Qe5 25. Qh4 b4 26. Rxf6 Rxf6 27. Rxf6
Qd4+ 28. Kh2 Qxd3 29. Rxd6 Bxh3 30. Rb6 Rxb6 31. Qd8+ Kg7 32. Qxb6 Qxe4 33.
Kxh3 Qxc4 34. d6 Qe6+ 35. Kh2 b3 36. Qc7+ Kh6 37. Qxc5 b2 38. Qb4 Qe5+ 39. Kh1
Qe1+ 40. Qxe1 Kg5 41. Qd2+ Kf5 42. Qxb2 Ke6 43. Qg7 Kxd6 44. Qxh7 1-0

[Event "Michigan HS Team"]
[Site "Detroit, MI"]
[Date "2003.02.15"]
[Round "3"]
[White "Gattinger, John"]
[Black "Nolan, Dan"]
[Result "1-0"]
[WhiteElo "1571"]
[BlackElo "1241"]
[PlyCount "77"]
[EventDate "2003.02.15"]

1. d4 d5 2. c4 e6 3. Nc3 Bb4 4. Nf3 Nf6 5. Bg5 Nc6 6. e3 O-O 7. Rc1 Re8 8. a3
Bxc3+ 9. Rxc3 dxc4 10. Bxc4 a6 11. O-O e5 12. dxe5 Qxd1 13. Rxd1 Nxe5 14. Nxe5
Rxe5 15. Rd8+ Re8 16. Bxf6 Rxd8 17. Bxd8 Be6 18. Bxc7 Bf5 19. Bd5 Re8 20. e4
Bxe4 21. Bxe4 Rxe4 22. Re3 Rxe3 23. fxe3 Kf8 24. Kf2 Ke7 25. e4 g6 26. Ke3 Ke6
27. e5 Kd5 28. b3 b5 29. g4 a5 30. Bxa5 Kxe5 31. Bc3+ Ke6 32. g5 Kd5 33. Kf4
Ke6 34. a4 bxa4 35. bxa4 Kd7 36. Ke5 f5 37. gxf6 g5 38. Kf5 h5 39. Kxg5 1-0

[Event "Michigan HS Team"]
[Site "Detroit, MI"]
[Date "2003.02.15"]
[Round "2"]
[White "Dedic, Medin"]
[Black "Daunais, Tom"]
[Result "0-1"]
[WhiteElo "772"]
[BlackElo "1146"]
[PlyCount "108"]
[EventDate "2003.02.15"]

1. e4 e5 2. Nf3 Nc6 3. Bb5 Nf6 4. Nc3 d6 5. O-O Bd7 6. d3 Be7 7. h3 Nd4 8.
Bxd7+ Qxd7 9. Nxd4 exd4 10. Nd5 Nxd5 11. exd5 Qf5 12. c4 dxc3 13. bxc3 Qxd5 14.
Qe2 Qe5 15. Re1 Qxe2 16. Rxe2 Kd7 17. Rb1 b6 18. Ba3 Rhe8 19. d4 d5 20. Bxe7
Rxe7 21. Rxe7+ Kxe7 22. Re1+ Kd7 23. Re3 Re8 24. Rf3 Re7 25. Rf5 Re1+ 26. Kh2
Ke6 27. Rg5 g6 28. f4 f6 29. Rg4 f5 30. Rg3 Rf1 31. Re3+ Kd6 32. Kg3 Ra1 33.
Kh4 Rxa2 34. g3 h6 35. g4 fxg4 36. hxg4 a5 37. f5 gxf5 38. gxf5 Rf2 39. Kg4 a4
40. Re6+ Kd7 41. Rxh6 a3 42. Rh1 a2 43. Ra1 c5 44. Kg5 Ke7 45. Kg6 Kf8 46. c4
cxd4 47. cxd5 b5 48. d6 Ke8 49. f6 b4 50. Kg7 b3 51. Re1+ Kd7 52. f7 b2 53. Re2
Rxf7+ 54. Kxf7 b1=Q 0-1

[Event "Michigan HS Team"]
[Site "Detroit, MI"]
[Date "2003.02.15"]
[Round "3"]
[White "Daunais, Tom"]
[Black "Morefield, Max"]
[Result "0-1"]
[WhiteElo "1146"]
[BlackElo "1056"]
[PlyCount "78"]
[EventDate "2003.02.15"]

1. e4 e5 2. Nf3 Nc6 3. Bc4 Bc5 4. d3 h6 5. O-O d6 6. c3 Bg4 7. h3 Bxf3 8. Qxf3
Qf6 9. Qxf6 Nxf6 10. Be3 Bxe3 11. fxe3 Rf8 12. Nd2 O-O-O 13. d4 d5 14. exd5
Nxd5 15. Bxd5 Rxd5 16. Rad1 f6 17. Nf3 e4 18. Nh4 Ne7 19. g4 g5 20. Nf5 Nxf5
21. Rxf5 Rxf5 22. gxf5 Rd8 23. Kg2 h5 24. Rh1 Rd6 25. h4 g4 26. Rf1 Ra6 27. a3
Rb6 28. Rf4 Rxb2+ 29. Kg3 Rb1 30. Rxe4 Rf1 31. Rf4 Rxf4 32. Kxf4 Kd7 33. e4 c5
34. e5 cxd4 35. cxd4 fxe5+ 36. dxe5 Ke7 37. Ke4 b5 38. Kd5 g3 39. f6+ Kf8 0-1

[Event "Michigan HS Team"]
[Site "Detroit, MI"]
[Date "2003.02.15"]
[Round "4"]
[White "Daunais, Tom"]
[Black "Fotiu-Wojtowicz, Bryce"]
[Result "1-0"]
[WhiteElo "1146"]
[BlackElo "707"]
[PlyCount "67"]
[EventDate "2003.02.15"]

1. e4 e5 2. Nf3 Nc6 3. Bc4 Bc5 4. d3 Nf6 5. Ng5 Qe7 6. Bxf7+ Kf8 7. Nc3 Bb4 8.
Bb3 h6 9. Nf3 b6 10. O-O Ba6 11. Nd5 Nxd5 12. Bxd5 Bb7 13. g3 Na5 14. Nh4 Qf6
15. Qg4 Rh7 16. f4 Bc5+ 17. Kg2 Bxd5 18. fxe5 Qxf1+ 19. Kxf1 Bf7 20. Qf5 Kg8
21. Kg2 Be6 22. Qf1 Rf8 23. Qd1 Rf2+ 24. Kh1 h5 25. d4 Bg4 26. Qd3 g5 27. Bxg5
Be2 28. Qe3 Bxd4 29. Qxd4 Rhf7 30. Nf5 Bf3+ 31. Kg1 Rg2+ 32. Kf1 Kf8 33. e6 Nc6
34. Qh8# 1-0

[Event "Michigan HS Team Reserve"]
[Site "Detroit, MI"]
[Date "2003.02.15"]
[Round "4"]
[White "Brown, Ben"]
[Black "Liu, Lanxin"]
[Result "1/2-1/2"]
[WhiteElo "855"]
[BlackElo "652"]
[PlyCount "142"]
[EventDate "2003.02.15"]

1. e4 c5 2. c4 Nc6 3. Nf3 g6 4. d3 Bg7 5. Bd2 Nf6 6. Bc3 O-O 7. e5 Ng4 8. Nh4
Ngxe5 9. Bxe5 Nxe5 10. Nc3 Qa5 11. Qc1 Qa6 12. Be2 Qe6 13. O-O a6 14. Nd5 Qc6
15. Nxe7+ Kh8 16. Nxc6 Nxc6 17. a3 Nd4 18. Qd2 Nb3 19. Qe3 Nxa1 20. Rxa1 Bd4
21. Qe7 Kg8 22. b4 Bxa1 23. Qxc5 Re8 24. Bf1 Re5 25. Qd6 Re6 26. Qf4 Kg7 27. d4
Rf6 28. Qe3 d6 29. Nf3 Bb2 30. Qb3 Bc1 31. c5 Be6 32. d5 Bd7 33. cxd6 Rxd6 34.
Qc3+ Kg8 35. Qxc1 Rxd5 36. Bc4 Rc8 37. h3 Bb5 38. Nd2 Bxc4 39. Nxc4 Rd4 40. Qe3
Rdxc4 41. Qb6 Rc1+ 42. Kh2 R8c7 43. b5 axb5 44. Qxb5 R1c3 45. a4 R3c5 46. Qb4
Rc2 47. a5 Kg7 48. Qb5 Rxf2 49. Qe5+ Rf6 50. Qxc7 Ra6 51. Qe5+ f6 52. Qe7+ Kh6
53. Qf8+ Kg5 54. Qf7 Kh6 55. h4 Kh5 56. Qxh7+ Kg4 57. g3 Kf5 58. Kh3 Rxa5 59.
Qd7+ Ke4 60. Qxb7+ Rd5 61. Kg4 Kd4 62. Qb4+ Kd3 63. Qf4 Rd4 64. Qxd4+ Kxd4 65.
h5 gxh5+ 66. Kxh5 Ke4 67. g4 f5 68. g5 f4 69. g6 f3 70. g7 f2 71. g8=Q f1=Q
1/2-1/2

[Event "Michigan HS Team Reserve"]
[Site "Detroit, MI"]
[Date "2003.02.15"]
[Round "2"]
[White "Bourdeau, Steven"]
[Black "Collins, DeVontia"]
[Result "1/2-1/2"]
[WhiteElo "826"]
[BlackElo "1182"]
[PlyCount "71"]
[EventDate "2003.02.15"]

1. e4 c5 2. Nc3 Nc6 3. Nf3 e5 4. Bc4 Be7 5. O-O Nf6 6. d3 a6 7. a3 b5 8. Nd5
bxc4 9. Nxf6+ Bxf6 10. dxc4 O-O 11. Be3 d6 12. Qd2 Be6 13. b3 Qe7 14. Rab1 a5
15. a4 Nd8 16. Bg5 Bxg5 17. Nxg5 f6 18. Nf3 Nc6 19. c3 Qf7 20. Qxd6 Ne7 21.
Qxc5 Qg6 22. Nh4 Qf7 23. Ra1 Ng6 24. Nf3 Nf4 25. Nh4 Qh5 26. g3 Rfc8 27. Qd6
Bh3 28. Rfe1 g5 29. Nf5 Qf3 30. Nh6+ Kg7 31. Qe7+ Kxh6 32. Qxf6+ Kh5 33. Qf7+
Kg4 34. Qf5+ Kh5 35. Qf7+ Kh6 36. Qf6+ 1/2-1/2

[Event "Michigan HS Team"]
[Site "Detroit, MI"]
[Date "2003.02.15"]
[Round "3"]
[White "Bohland, Jonathan"]
[Black "Nolan, Scott"]
[Result "1-0"]
[WhiteElo "1347"]
[BlackElo "1175"]
[PlyCount "53"]
[EventDate "2003.02.15"]

1. c4 c5 2. g3 d6 3. Bg2 Nf6 4. Nc3 g6 5. Nf3 Nc6 6. O-O Bg7 7. d3 Bd7 8. Bg5
O-O 9. Qc1 Rb8 10. Bh6 a6 11. a4 Nd4 12. Nxd4 cxd4 13. Bxg7 Kxg7 14. Ne4 Nxe4
15. Bxe4 b5 16. axb5 axb5 17. b3 Qc8 18. h4 Bc6 19. Bxc6 Qxc6 20. h5 Ra8 21.
h6+ Kg8 22. Qf4 Qc5 23. Qe4 Rxa1 24. Rxa1 Re8 25. Qxe7 Qc8 26. Qf6 Kf8 27. Ra7
1-0

[Event "Michigan HS Team Reserve"]
[Site "Detroit, MI"]
[Date "2003.02.15"]
[Round "1"]
[White "Benning, Keenan"]
[Black "Almasy, Dale"]
[Result "0-1"]
[WhiteElo "688"]
[BlackElo "1109"]
[PlyCount "72"]
[EventDate "2003.02.15"]

1. e4 e6 2. d3 d5 3. e5 d4 4. Nh3 Nc6 5. Qf3 Nxe5 6. Qf4 f6 7. Ng5 Bd6 8. Qxd4
fxg5 9. f4 c5 10. Qa4+ Bd7 11. Qe4 Nf6 12. Qxb7 Bc6 13. Qxg7 Rg8 14. Qh6 gxf4
15. Bxf4 Nf7 16. Qh4 Bxf4 17. Qxf4 Rg4 18. Qe3 Qe7 19. Nc3 Bxg2 20. Bxg2 Rxg2
21. O-O-O Ng4 22. Qf3 Qg5+ 23. Kb1 Nf2 24. Qxa8+ Nd8 25. Qxa7 Nxd1 26. Nxd1 Rg1
27. Rxg1 Qxg1 28. Qa4+ Ke7 29. Qh4+ Kd6 30. Qf4+ e5 31. Qf6+ Ne6 32. Kc1 Qxh2
33. b3 Qf4+ 34. Qxf4 exf4 35. Nf2 Nd4 36. Ne4+ Kd5 0-1

[Event "Michigan Children's Sponsors"]
[Site "South Lyon, MI"]
[Date "2003.03.08"]
[Round "3.2"]
[White "Taliaferro I, Robert"]
[Black "Brumley, Ron"]
[Result "1-0"]
[WhiteElo "1559"]
[BlackElo "1969"]
[PlyCount "65"]
[EventDate "2003.03.08"]

1. d4 Nf6 2. c4 g6 3. Nc3 Bg7 4. g3 O-O 5. Bg2 d6 6. h4 c6 7. Bf3 e5 8. dxe5
dxe5 9. Qc2 Bf5 10. e4 Be6 11. b3 Na6 12. a3 b5 13. cxb5 Nc5 14. b4 Nb3 15. Rb1
Nd4 16. Qd1 cxb5 17. Be3 Rc8 18. Bxd4 exd4 19. Nxb5 Qb6 20. a4 d3 21. Qxd3 Rfd8
22. Qe3 Qxe3+ 23. fxe3 a6 24. Nd4 Bh6 25. Nxe6 fxe6 26. Kf2 Rc2+ 27. Ne2 Rd3
28. Rhd1 Rxe3 29. Rd4 Rexe2+ 30. Bxe2 Ng4+ 31. Ke1 Ne3 32. Rd3 Rc4 33. Rd8+ 1-0

[Event "Michigan Children's Sponsors"]
[Site "South Lyon, MI"]
[Date "2003.03.08"]
[Round "1.1"]
[White "Taliaferro, Nataiya"]
[Black "Brumley, Ron"]
[Result "0-1"]
[WhiteElo "1969"]
[BlackElo "719"]
[PlyCount "90"]
[EventDate "2003.03.08"]

1. e4 c5 2. d4 cxd4 3. Qxd4 Nc6 4. Qd1 a6 5. Nc3 e6 6. Nf3 Qc7 7. Be2 Be7 8.
O-O b5 9. Be3 Nf6 10. Bg5 Bb7 11. Bxf6 Bxf6 12. Re1 O-O 13. Bd3 d6 14. Nd2 b4
15. Na4 Na5 16. e5 Bxe5 17. Qh5 g6 18. Qh6 Qc6 19. f3 Qxa4 20. Ne4 Bg7 21. Qg5
d5 22. Nd6 Bc6 23. b3 Qa3 24. Rad1 Rad8 25. Qe7 Rd7 26. Qg5 Rxd6 27. Bxa6 Qxa2
28. Qg3 Rd7 29. c4 bxc3 30. b4 Nc4 31. Bxc4 Qxc4 32. Rc1 Ra8 33. b5 Bxb5 34.
Rb1 c2 35. Rbc1 Bb2 36. Rb1 cxb1=Q 37. Rxb1 Rc8 38. h3 Qe2 39. Kh2 Rc2 40. Qb8+
Kg7 41. Rg1 Be5+ 42. Qxe5+ Qxe5+ 43. Kh1 Qg3 44. f4 f5 45. h4 Qxh4# 0-1

[Event "Michigan Junior"]
[Site "South Lyon, MI"]
[Date "2003.03.08"]
[Round "1"]
[White "Hickey, Ashley"]
[Black "Gurski, Christina"]
[Result "0-1"]
[WhiteElo "506"]
[BlackElo "1359"]
[Annotator "Edward Laurin"]
[PlyCount "86"]
[EventDate "2003.03.08"]

1. e4 e5 2. Nf3 Nc6 3. Bc4 Bc5 4. O-O d6 5. Nc3 ({Normally Piano players go
for the Moller Attack in this position with} 5. c3 {. This just causes a
weakness on d4 with the pin on f3.}) 5... Bg4 6. Be2 Nge7 7. h3 Bh5 8. b3 Bd4 (
{This hangs a pawn after} 8... Bd4 9. Nxd4 exd4 ({Not} 9... Bxe2 10. Ndxe2 {
leaving White up a piece.}) 10. Bxh5 dxc3 11. Bxf7+) 9. Bb2 Qd7 10. Nxd4 Bxe2
$2 {This hangs a piece, see above remark.} 11. Qxe2 $2 {This doesn't take the
free piece, see above comment.} Nxd4 12. Qd3 O-O 13. Nd5 $2 {No reason to
double pawns and weaken your pawn structure.} (13. Ne2 {sufficed to chase away
Black's knight and go into an equal endgame with a bishop over a knight.})
13... Ne6 14. Qg3 Nxd5 15. exd5 Nf4 $1 {Nice, a fork between a pawn and a fork!
} 16. Rfe1 (16. Qf3 {holds everything.}) 16... Nxd5 17. Qf3 Nb4 18. Rec1 c6 19.
Bc3 Nd5 20. a3 Nxc3 21. Qxc3 Rac8 22. Re1 Rfe8 23. Qe3 b6 24. d4 exd4 25. Qxd4
Rxe1+ 26. Rxe1 Re8 27. Qg4 $2 {Whoops. Its all downhill from here.} Rxe1+ 28.
Kh2 Qxg4 29. hxg4 Re2 30. c4 Rxf2 31. Kg3 Ra2 32. a4 Ra3 33. c5 Rxb3+ 34. Kf4
dxc5 35. g3 c4 36. g5 c3 37. g4 c2 38. Ke5 c1=Q 39. g6 Qe3+ 40. Kd6 Qc5+ 41.
Kc7 Rd3 42. Kb7 Rd7+ 43. Ka6 Qa5# 0-1

[Event "Michigan Junior"]
[Site "South Lyon, MI"]
[Date "2003.03.08"]
[Round "3"]
[White "Hershberger, Kent"]
[Black "Kahn, Aaron"]
[Result "0-1"]
[WhiteElo "1615"]
[BlackElo "1905"]
[PlyCount "92"]
[EventDate "2003.03.08"]

1. e4 e6 2. d4 d5 3. Nd2 Nf6 4. e5 Nfd7 5. c4 dxc4 6. Bxc4 Nb6 7. Ngf3 Nc6 8.
Bb5 Bd7 9. O-O Nb4 10. Bxd7+ Qxd7 11. Ne4 h6 12. Bd2 N4d5 13. Rc1 Be7 14. a3
O-O 15. Rc2 a5 16. Qc1 Qa4 17. Nc5 Bxc5 18. dxc5 Nc8 19. Rc4 Qb3 20. Bxh6 Nce7
21. Qg5 Ng6 22. Rh4 gxh6 23. Qxh6 Nxh4 24. Ng5 Qd3 25. Qxh4 Qg6 26. Re1 Kg7 27.
Re4 Rg8 28. h3 Kf8 29. Rg4 Qb1+ 30. Kh2 Ke7 31. Nxf7+ Kxf7 32. Rxg8 Rxg8 33.
Qh5+ Qg6 34. Qf3+ Qf5 35. Qxf5+ exf5 36. g3 Ke6 37. f4 b6 38. cxb6 cxb6 39. Kg2
Rc8 40. Kf3 Rc2 41. g4 Rxb2 42. h4 Rb3+ 43. Kg2 Nxf4+ 44. Kf2 fxg4 45. a4 g3+
46. Kg1 Rb1# 0-1

[Event "Michigan Junior"]
[Site "South Lyon, MI"]
[Date "2003.03.08"]
[Round "2"]
[White "Gurski, Christina"]
[Black "Wood, Jack"]
[Result "0-1"]
[WhiteElo "1359"]
[BlackElo "1621"]
[PlyCount "22"]
[EventDate "2003.03.08"]

1. e4 c5 2. Nc3 e6 3. Bc4 a6 4. a4 Nc6 5. Nf3 Nge7 6. O-O Ng6 7. d4 cxd4 8.
Nxd4 Qc7 9. Nxc6 bxc6 10. Ne2 Bc5 11. b3 Ne5 0-1

[Event "Michigan Children's Sponsors"]
[Site "South Lyon, MI"]
[Date "2003.03.08"]
[Round "2.1"]
[White "Brumley, Ron"]
[Black "Washington, Julian"]
[Result "1/2-1/2"]
[WhiteElo "1969"]
[BlackElo "1071"]
[PlyCount "93"]
[EventDate "2003.03.08"]

1. Nf3 d6 2. c4 e5 3. d3 h6 4. Nc3 c6 5. g3 Nf6 6. Bg2 Qb6 7. O-O c5 8. e3 Bg4
9. d4 Be7 10. dxe5 dxe5 11. h3 Bxf3 12. Qxf3 Nc6 13. b3 O-O 14. Bb2 Rfe8 15.
Rfd1 Bd8 16. Rd2 e4 17. Qf4 Bc7 18. Qh4 Kh7 19. Nxe4 Ne5 20. Nxf6+ gxf6 21.
Qe4+ Kg7 22. Qxb7 Qxb7 23. Bxb7 Rad8 24. Rad1 Ba5 25. Rxd8 Rxd8 26. Rxd8 Bxd8
27. Be4 h5 28. f4 Ng6 29. Bxg6 fxg6 30. g4 hxg4 31. hxg4 Kh6 32. Bxf6 Bxf6 33.
g5+ Bxg5 34. fxg5+ Kxg5 35. Kf2 Kf5 36. Kf3 a5 37. Kg3 Ke4 38. Kf2 g5 39. Ke2
g4 40. Kf2 g3+ 41. Kxg3 Kxe3 42. Kg4 Kd3 43. Kf4 Kc3 44. Ke4 Kb2 45. Kd5 Kxa2
46. Kxc5 Kxb3 47. Kb5 1/2-1/2

[Event "Michigan Junior"]
[Site "South Lyon, MI"]
[Date "2003.03.09"]
[Round "4"]
[White "Thach, Scott"]
[Black "Moroney, Timothy"]
[Result "0-1"]
[WhiteElo "1336"]
[BlackElo "1772"]
[PlyCount "124"]
[EventDate "2003.03.08"]

1. e4 e5 2. Nf3 Nc6 3. d4 exd4 4. Nxd4 Qh4 5. Nb5 Kd8 6. Qd5 Be7 7. g3 Qf6 8.
c3 Nh6 9. Bf4 d6 10. h4 Ng4 11. Bh3 Be6 12. Qd1 Nge5 13. Bxe6 Qxe6 14. Nd4 Nxd4
15. cxd4 Ng6 16. Qf3 Nxf4 17. Qxf4 Bf6 18. Qe3 Qc4 19. Nd2 Qxd4 20. Qxd4 Bxd4
21. Rb1 Re8 22. O-O Kd7 23. Kg2 Re7 24. f4 Be3 25. Nb3 Rxe4 26. Kf3 Re7 27. a4
Bb6 28. Rfe1 Rae8 29. Rxe7+ Rxe7 30. Kg4 Re3 31. Nd2 Rd3 32. Nf3 h5+ 33. Kxh5
Rxf3 34. Kg4 Rb3 35. Rh1 Bf2 36. Rh3 Rxg3+ 37. Rxg3 Bxg3 38. Kxg3 Ke6 39. Kf3
Kf5 40. Kg3 d5 41. Kf3 d4 42. b3 c5 43. a5 b6 44. axb6 axb6 45. h5 b5 46. Ke2
c4 47. bxc4 bxc4 48. Kd2 Kxf4 49. Ke2 Ke4 50. Kd2 d3 51. h6 gxh6 52. Kd1 Ke3
53. Ke1 d2+ 54. Kd1 c3 55. Kc2 Ke2 56. Kxc3 d1=Q 57. Kc4 Qd6 58. Kc3 Qc5+ 59.
Kb3 Kd2 60. Kb2 Qb4+ 61. Ka1 Kc2 62. Ka2 Qa4# 0-1

[Event "Michigan Young Junior"]
[Site "South Lyon, MI"]
[Date "2003.03.09"]
[Round "2"]
[White "Nelson, Peter"]
[Black "Gurski, Michael"]
[Result "1-0"]
[WhiteElo "1641"]
[BlackElo "1011"]
[PlyCount "55"]
[EventDate "2003.03.09"]

1. e4 d6 2. d4 Nf6 3. Nc3 g6 4. Be3 Bg7 5. f3 O-O 6. Qd2 c6 7. a4 b6 8. h4 Na6
9. g4 e5 10. Nge2 exd4 11. Nxd4 Qd7 12. Bh6 Nc5 13. Bxg7 Kxg7 14. h5 Ng8 15.
Bc4 d5 16. exd5 Re8+ 17. Nde2 Ba6 18. Bxa6 Nxa6 19. Qd4+ f6 20. hxg6 hxg6 21.
g5 cxd5 22. gxf6+ Nxf6 23. O-O-O Nc5 24. Rdg1 Nxa4 25. Nf4 Nxc3 26. Rxg6+ Kf8
27. Qxf6+ Qf7 28. Rh8# 1-0

[Event "Michigan Young Junior"]
[Site "South Lyon, MI"]
[Date "2003.03.09"]
[Round "4"]
[White "Miller, Charlie"]
[Black "Gurski, Erin"]
[Result "1-0"]
[WhiteElo "832"]
[BlackElo "1337"]
[PlyCount "67"]
[EventDate "2003.03.09"]

1. e4 e5 2. Nf3 Nc6 3. Nc3 Bb4 4. Bb5 Nf6 5. Bxc6 bxc6 6. Nxe5 Qe7 7. d4 Bxc3+
8. bxc3 d5 9. O-O Nxe4 10. Re1 O-O 11. Nxc6 Qf6 12. f3 Nxc3 13. Ne7+ Kh8 14.
Qd3 Re8 15. Ng6+ hxg6 16. Rxe8+ Kh7 17. f4 Bf5 18. Qxc3 Rxe8 19. g4 Bxg4 20.
Qd3 Re4 21. c3 Qh4 22. Qg3 Qxg3+ 23. hxg3 Re2 24. Rb1 Rc2 25. Be3 Rxc3 26. Bf2
Rc2 27. Rb7 Rxa2 28. Rxc7 Kh6 29. Rxf7 a5 30. Rf8 Ra1+ 31. Kg2 g5 32. f5 g6 33.
f6 Ra3 34. Rh8# 1-0

[Event "Michigan Junior"]
[Site "South Lyon, MI"]
[Date "2003.03.09"]
[Round "5"]
[White "Johnson, Tim"]
[Black "Thach, Scott"]
[Result "1-0"]
[WhiteElo "952"]
[BlackElo "1336"]
[PlyCount "65"]
[EventDate "2003.03.08"]

1. e4 e6 2. d4 b6 3. Nc3 Bb7 4. Nf3 Bb4 5. Bd3 Bxc3+ 6. bxc3 Ne7 7. Bg5 O-O 8.
O-O f6 9. Bh4 Ng6 10. Re1 Nxh4 11. Nxh4 f5 12. Qh5 Rf6 13. Qd1 Rh6 14. Nf3 g5
15. exf5 d6 16. fxe6 Qe7 17. Bf5 Rf6 18. Qd3 Na6 19. Nxg5 h6 20. Nf7 Rf8 21.
Re3 R6xf7 22. exf7+ Rxf7 23. Rxe7 Rxe7 24. Qg3+ Rg7 25. Be6+ Kh8 26. Qf4 Rxg2+
27. Kf1 Rg6 28. Qf8+ Kh7 29. Bf5 Bg2+ 30. Ke2 Bd5 31. Rg1 Bc4+ 32. Kd2 Nc5 33.
Bxg6# 1-0

[Event "Michigan Young Junior"]
[Site "South Lyon, MI"]
[Date "2003.03.09"]
[Round "3"]
[White "Haengel, Eric"]
[Black "Gurski, Erin"]
[Result "1-0"]
[WhiteElo "931"]
[BlackElo "1337"]
[PlyCount "27"]
[EventDate "2003.03.09"]

1. e4 e5 2. Nf3 Nc6 3. Bc4 Bc5 4. Nc3 d6 5. d3 Bg4 6. Be3 Bd4 7. h3 Bh5 8. g4
Bg6 9. Bb5 Qd7 10. Nxd4 exd4 11. Bxd4 a6 12. Bxg7 axb5 13. Bxh8 f6 14. Nd5 1-0

[Event "Michigan Young Junior"]
[Site "South Lyon, MI"]
[Date "2003.03.09"]
[Round "3"]
[White "Gurski, Michael"]
[Black "Tabak, Diana"]
[Result "1-0"]
[WhiteElo "1011"]
[BlackElo "890"]
[Annotator "Edward Laurin"]
[PlyCount "115"]
[EventDate "2003.03.09"]

1. e4 e5 2. Nf3 Nc6 3. Bc4 Nf6 4. Ng5 {Ah, the Fried Liver, any little kids
best friend and adults worst nightmare.} d5 5. exd5 Na5 {Ahha! Someone knows
the correct way to play this as Black.} 6. Bb5+ c6 7. dxc6 bxc6 8. Ba4 {This
move eventually ends up hanging the bishop or the knight. Or just getting the
king crushed.} Nd5 (8... h6 9. Nf3 e4 10. Qe2 Be7 {and White will have to flop
that night into g1 preventing him from castling for a long long time, while
Black builds up extreme pressure.}) 9. Nf3 Bg4 {Black no longer has the option
of pushing the knight back, since he now has the d4 square.} 10. h3 Bh5 11. Qe2
Qe7 12. d3 Qb4+ 13. c3 Bxf3 14. Qxe5+ {So White squeaks through into a
dominating position. This just goes to show that you have to take advantage of
your opponents mistakes quickly before those mistkes become advantages.} Qe7
15. Qxe7+ Bxe7 16. b4 Bxg2 17. bxa5 Rc8 18. Rg1 Nf4 19. Bxf4 Bxh3 20. Rxg7 Bf6
21. Rg3 Bf5 22. Re3+ Kd7 23. d4 Rhe8 24. Be5 Bg5 25. f4 Bh4+ 26. Kd2 h5 27. d5
f6 28. Bxc6+ Kd8 29. Bxe8 fxe5 30. Rxe5 Bg4 31. Bxh5 Bxh5 32. Rxh5 Bg3 33. Rh8+
Kd7 34. Rxc8 Kxc8 35. f5 Kd7 36. Na3 Ke7 37. Nb5 Kf6 38. Nd4 Ke5 39. Re1+ Kf6
40. Re6+ Kg5 41. d6 Bf4+ 42. Kd3 Bxd6 43. Rxd6 Kf4 44. f6 Ke5 45. Rd8 Kxf6 46.
Re8 Kf7 47. Re1 Kf6 48. Ke4 Ke7 49. Rh1 Kf6 50. Rh5 Kg6 51. Rf5 Kg7 52. Ke5 Kg6
53. Ke6 Kg7 54. Rf6 Kg8 55. Rf7 Kh8 56. Kf6 Kg8 57. Kg6 Kh8 58. Rf8# 1-0

[Event "Michigan Young Junior"]
[Site "South Lyon, MI"]
[Date "2003.03.09"]
[Round "5"]
[White "Gurski, Michael"]
[Black "Rogers, Steven"]
[Result "1-0"]
[WhiteElo "1011"]
[BlackElo "841"]
[PlyCount "39"]
[EventDate "2003.03.09"]

1. e4 e6 2. d4 d5 3. exd5 exd5 4. Nf3 Nf6 5. Bd3 Bd6 6. Nc3 Nc6 7. O-O O-O 8.
Bg5 Be7 9. Re1 Be6 10. Ne5 Nxd4 11. Ne2 Qd6 12. Nxd4 h6 13. Bh4 g5 14. Bg3 Nh5
15. Qxh5 f6 16. Ng6 Qc5 17. Nxf8 Kxf8 18. Nxe6+ Kg8 19. Qg6+ Kh8 20. Qg7# 1-0